000 00465nam a2200181Ia 4500
001 3488
005 20260306145647.0
008 260306t1990||||xx |||||||||||||| ||spa||
041 _aESP
082 _aS 280
_bL88
100 _aLópez Trujillo, Alfonso Cardenal
_eAUT
245 0 _aLiberación y reconciliación:
_bbreve recorrido histórico
260 _c1990
300 _a75 páginas :
_c19 cm.
650 _aGEN
654 _aCHU
942 _cLIB
_dJUS
_fJUS
_2ddc
_n
999 _c3488
_d3488